000 00343nam a22001337a 4500
020 _a978070635159
082 _222
_a621.312
100 _aKundur, Prabha.
245 _aPower system stability and control /
250 _aNA
260 _aNew Delhi,
_bTata McGrew Hill,
_cc2010.
300 _axxiii,1176 p. ;
_bill. ;
_c24 cm.
942 _2ddc
_cEE
_06
999 _c3584
_d3584